书目信息 |
| 题名: |
饲料营销有方法
|
|
| 作者: | 陈石平 著 | |
| 分册: | ||
| 出版信息: | 北京 中国青年出版社 2019 |
|
| 页数: | 236页 | |
| 开本: | 24cm | |
| 丛书名: | 博瑞森管理丛书 | |
| 单 册: | ||
| 中图分类: | F762.5 , F762 | |
| 科图分类: | ||
| 主题词: | 饲料--市场营销学 | |
| 电子资源: | ||
| ISBN: | 978-7-5153-5485-9 | |
| 000 | 00878nam0 2200265 450 | |
| 001 | 2378110301 | |
| 005 | 20240105194526.66 | |
| 010 | @a978-7-5153-5485-9@dCNY100.00,原198.00 | |
| 100 | @a20200408d2019 em y0chiy50 ea | |
| 101 | 0 | @achi |
| 102 | @aCN@b110000 | |
| 105 | @ay z 000yy | |
| 200 | 1 | @a饲料营销有方法@Asi liao ying xiao you fang fa@dFodder marketing@e策略 案例 工具@f陈石平著@zeng |
| 210 | @a北京@c中国青年出版社@d2019 | |
| 215 | @a236页@d24cm | |
| 225 | 1 | @a博瑞森管理丛书 |
| 330 | @a本书提出饲料营销的7大核心命题:大客户营销;经销商转型;营销团队打造;品牌突围;打造根据地市场;互联网+;农民组织化。 | |
| 410 | 0 | @12001 @a博瑞森管理丛书 |
| 510 | 1 | @aFodder marketing@zeng |
| 606 | 0 | @a饲料@x市场营销学 |
| 690 | @aF762.5@v5 | |
| 690 | @aF762@v4 | |
| 701 | 0 | @a陈石平@Achen shi ping@4著 |
| 801 | 0 | @aCN@b91MARC@c20200408 |
| 905 | @aZUCC@dF762@e5 | |
| 饲料营销有方法=Fodder marketing:策略 案例 工具/陈石平著.-北京:中国青年出版社,2019 |
| 236页;24cm.-(博瑞森管理丛书) |
| ISBN 978-7-5153-5485-9:CNY100.00,原198.00 |
| 本书提出饲料营销的7大核心命题:大客户营销;经销商转型;营销团队打造;品牌突围;打造根据地市场;互联网+;农民组织化。 |
| ● |
| 相关链接 |
|
|
|
正题名:饲料营销有方法
索取号:F762/5
 
预约/预借
| 序号 | 登录号 | 条形码 | 馆藏地/架位号 | 状态 | 备注 |
| 1 | 2001018924 | 2001018924 | 第四书库/四6架B面4层3列/ [索取号:F762/5] | 在馆 | |
| 2 | 2001018925 | 2001018925 | 第四书库/四6架B面4层3列/ [索取号:F762/5] | 在馆 | |
| 3 | 2001018926 | 2001018926 | 第四书库/四6架B面4层3列/ [索取号:F762/5] | 在馆 | |
| 4 | 2001018927 | 2001018927 | 第四书库/四6架B面4层3列/ [索取号:F762/5] | 在馆 | |
| 5 | 2001018928 | 2001018928 | 第四书库/四6架B面4层3列/ [索取号:F762/5] | 在馆 | |
| 6 | 2001018929 | 2001018929 | 第四书库/四6架B面4层3列/ [索取号:F762/5] | 在馆 |